00543nam a2200181Ia 4500100002100000650001600021250000600037942000700043366000700050654001600057245005600073260002800129082001000157300000800167546001200175999001700187952015700204 aPalnitkar/Samir  averilog HDL a2 cBK f20 averilog HDL aVerilog HDL:A guide to digital design and synthesis bPearson Educationc2003 a5.133 a490 aENGLISH c33342d33342 001040708CRCaCRCEb428d2023-03-17eShroff Publishersg487.20i01295 dt 02.08.2018l1o5.133 p25350r2024-11-06s2024-11-06v609.00w0000-00-00yBK